| 000 | 01106nam a22002297a 4500 | ||
|---|---|---|---|
| 008 | 260702b mx ||||| |||| 00| 0 spa d | ||
| 020 | _a970-18-34-87-9 | ||
| 040 | _bSPA | ||
| 041 |
_aSPA _hSPA |
||
| 082 | 0 | 4 | _aPTM / 640 |
| 100 |
_aGONZÁLEZ DE COSÍO, MANUEL _eAUTOR |
||
| 245 |
_aMEJOR NUTRICIÓN _bCONTRIBUCIÓN A LA SALVACIÓN DE MÉXICO |
||
| 260 |
_aMÉXICO _bPODER EJECUTIVO SECRETARÍA DE EDUCACIÓN _c1999 |
||
| 300 |
_a93 PÁGINAS _c21.1 CM X 13.3 CM |
||
| 336 |
_2rdacontent _atexto _btxt |
||
| 337 |
_2rdamedia _asin mediación _bn |
||
| 338 |
_2rdacarrier _avolumen _bnc |
||
| 505 | _aES UNA OBRA FUNDAMENTAL QUE ANALIZA LA TRANSICIÓN ALIMENTARIA EN MÉXICO Y DEFIENDE UNA ALIMENTACIÓN SALUDABLE BASADA EN EVIDENCIA, VALORANDO LA DIETA TRADICIONAL. EL LIBRO COMBATE DIETAS MÁGICAS Y PROMUEVE LA COMBINACIÓN ADECUADA DE ALIMENTOS PARA PREVENIR ENFERMEDADES. ENCONTRARÁS ESTOS PRINCIPIOS DE NUTRICIÓN BASADA EN EVIDENCIA Y LA IMPORTANCIA DE LA DIETA TRADICIONAL. | ||
| 650 | _2TECNOLOGÍA (CIENCIAS APLICADAS) | ||
| 650 | _2ECONOMÍA DOMÉSTICA Y VIDA FAMILIAR | ||
| 942 |
_2ddc _cCOLQ |
||
| 999 |
_c68741 _d68741 |
||